00465nam a22001577a 450000500170000001000150001702000260003203500140005803700090007208200080008110000260008924500730011526000340018827000640022230000210028620250123143358.0 aENG-142596 c400.00a9789393734167 aEN-126128 bDBAD a200 aBhattacharya , Dulal  aReligions and Rituals: bA Search for Unity/cby Dulal Bhattacharya  aKolkatabExceller Booksc2022 aG1 Dream Apartment, Degree College Roadb Belgharia,Kolkata a196p. c21cm(pb)